000
00205nam a22000857a 4500
999
_c
11624
_d
11624
008
190904b ||||| |||| 00| 0 eng d
100
_a
Kirti
_9
4717
245
_a
Aesthetics Art-7
260
_b
Kirti Publications